000 00769nam a22002412 4500
001 0000019449
005 20151217145915.0
008 101116s xx 000 0 eng d
020 _a1408017920 :
040 _aKABU
_cKABU
100 1 _aAlexander, David.
_@0000110641
245 1 0 _aInternational financial reporting and analysis /
_cDavid Alexander, Anne Britton and Ann Jorissen.
250 _a4th ed.
260 _aAndover, England :
_bCengage,
_c2009.
300 _axxii, 894 p.
650 0 _aAccounting.
_@0000148321
650 0 _aFinancial statements.
_@0000151467
700 1 _aBritton, Anne.
_@0000151848
700 1 _aJorissen, Ann.
_@0000179163
852 1 _9p4914 KES
908 _a101116
950 _@1
999 _c3939
_d3939